[Event "European Women-ch 2023"]
[Site "Petrovac"]
[Date "2023.03.23"]
[Round "6.8"]
[White "Hrebenshchykova, Yelyzaveta"]
[Black "Osmak, Yuliia"]
[Result "0-1"]
[WhiteElo "2289"]
[BlackElo "2445"]
[Annotator "TA"]
[PlyCount "101"]
[EventDate "2023.03.15"]
[EventType "swiss"]
[EventCountry "MNE"]
[SourceTitle "playchess.com"]
[Source "ChessBase"]
[SourceQuality "1"]

1. e4 c5 2. Nf3 d6 3. d4 cxd4 4. Nxd4 Nf6 5. Nc3 a6 6. Bg5 e6 7. Qf3 Be7 8. O-O-O Qc7 9. Be2 Nbd7 10. Rhe1 O-O 11. g4 b5 12. a3 Bb7 13. h4 Nc5 14. Bf1 Rac8 15. Kb1 Rfe8 16. Bd3 Qb6 17. Bc1 b4 18. axb4 Qxb4 19. g5 Qxd4 20. Bb5 Qb4 21. gxf6 Bxf6 22. Bxe8 Rxe8 23. Rxd6 Nxe4 24. Nxe4 Bxe4 25. Qxe4 Qxd6 26. Bg5 Qd4 27. Bxf6 Qxf6 28. f3 Rb8 29. b3 Rd8 30. Qc4 a5 31. Qc5 a4 32. bxa4 Rb8+ 33. Kc1 Qa1+ 34. Kd2 Qxa4 35. Re4 Rd8+ 36. Kc3 Qa1+ 37. Kb3 h6 38. Qc7 Ra8 39. Kc4 Qf1+ 40. Kd4 Qf2+ 41. Re3 Qxh4+ 42. Kd3 Rd8+ 43. Ke2 Qg5 44. Rd3 Qg2+ 45. Ke3 Rxd3+ 46. Kxd3 Qxf3+ 47. Kd2 g5 48. Qd8+ Kg7 49. c4 Qf2+ 50. Kd3 Qf1+ 51. Kd4 0-1

[Event "European Women-ch 2023"]
[Site "Petrovac"]
[Date "2023.03.23"]
[Round "6.8"]
[White "Chelushkina, Irina"]
[Black "Cyfka, Karina"]
[Result "1-0"]
[WhiteElo "2207"]
[BlackElo "2350"]
[Annotator "TA"]
[PlyCount "95"]
[EventDate "2023.03.15"]
[EventType "swiss"]
[EventCountry "MNE"]
[SourceTitle "playchess.com"]
[Source "ChessBase"]
[SourceQuality "1"]

1. e4 e5 2. Nf3 Nc6 3. Bc4 Nf6 4. d3 h6 5. c3 d6 6. a4 g6 7. a5 a6 8. Qb3 Qe7 9. O-O Bg7 10. d4 O-O 11. Re1 Nh5 12. Be3 Kh8 13. Nbd2 Nd8 14. Qa3 Qe8 15. dxe5 dxe5 16. Qc5 c6 17. Qb4 Nf6 18. Bf1 Bg4 19. h3 Bxf3 20. Nxf3 Rg8 21. Rad1 Bf8 22. Bc5 Bg7 23. Bd6 Nd7 24. Qb3 Rc8 25. Bc4 Bf8 26. Qc2 Bxd6 27. Rxd6 Kg7 28. Qd2 Nf6 29. Nh2 h5 30. Nf3 Qe7 31. Rd3 c5 32. Ng5 Rf8 33. f4 Nc6 34. f5 Nxa5 35. Bxf7 Rxf7 36. Ne6+ Kh8 37. fxg6 Rg7 38. Qh6+ Kg8 39. Nxg7 Qxg7 40. Qg5 Qe7 41. Rf3 Kg7 42. Rf5 Nc6 43. Ref1 Rf8 44. g4 hxg4 45. h4 Nxe4 46. Qh5 Rh8 47. Rf7+ Kg8 48. Rf8+ 1-0

[Event "European Women-ch 2023"]
[Site "Petrovac"]
[Date "2023.03.23"]
[Round "6.8"]
[White "Tsotsonava, Elene"]
[Black "Kejzar, Petra"]
[Result "1-0"]
[WhiteElo "2030"]
[BlackElo "2128"]
[Annotator "TA"]
[PlyCount "57"]
[EventDate "2023.03.15"]
[EventType "swiss"]
[EventCountry "MNE"]
[SourceTitle "playchess.com"]
[Source "ChessBase"]
[SourceQuality "1"]

1. e4 c5 2. Nf3 Nc6 3. Bb5 e5 4. O-O Bd6 5. c3 a6 6. Ba4 b5 7. Bc2 Nge7 8. a4 b4 9. Re1 Qc7 10. d3 Ng6 11. Nbd2 O-O 12. Nc4 Re8 13. h4 Bf8 14. h5 Nge7 15. h6 g6 16. Ng5 bxc3 17. Qf3 Nd8 18. Bb3 Rb8 19. Nd6 Qxd6 20. Bxf7+ Kh8 21. Bxe8 Bxh6 22. bxc3 Bb7 23. Nf7+ Nxf7 24. Qxf7 Ng8 25. Qxd7 Qf8 26. Bxh6 Nxh6 27. Rab1 Bc8 28. Qc7 Ng4 29. Qf7 1-0

[Event "European Women-ch 2023"]
[Site "Petrovac"]
[Date "2023.03.23"]
[Round "6.9"]
[White "Javakhishvili, Lela"]
[Black "Mkrtchyan, Mariam"]
[Result "0-1"]
[WhiteElo "2443"]
[BlackElo "2343"]
[Annotator "TA"]
[PlyCount "172"]
[EventDate "2023.03.15"]
[EventType "swiss"]
[EventCountry "MNE"]
[SourceTitle "playchess.com"]
[Source "ChessBase"]
[SourceQuality "1"]

1. d4 Nf6 2. c4 e6 3. Nc3 d5 4. Bg5 Bb4 5. e3 h6 6. Bh4 g5 7. Bg3 Ne4 8. Nge2 h5 9. h4 g4 10. Be5 f6 11. Bf4 c6 12. a3 Be7 13. Nxe4 dxe4 14. Qc2 f5 15. Bg3 Nd7 16. O-O-O Nf8 17. f3 exf3 18. gxf3 Bd6 19. Nf4 Kf7 20. c5 Bb8 21. Bc4 Qf6 22. Rhf1 Kg7 23. e4 Ng6 24. e5 Qe7 25. fxg4 hxg4 26. h5 Nxf4 27. Bxf4 Bc7 28. Rg1 Rg8 29. h6+ Kh7 30. Be2 Kh8 31. h7 Rg7 32. Rh1 Bd7 33. Rh6 Re8 34. Rdh1 Bd8 35. Kb1 Qf7 36. Qd2 Rg6 37. R6h5 Bc8 38. Bd3 Rf8 39. Qc3 Qd7 40. Bc4 Rf7 41. b4 a6 42. a4 Qe8 43. b5 Rgg7 44. Bh6 Rxh7 45. bxa6 bxa6 46. Ka2 Ra7 47. Qb2 Rac7 48. Qd2 Qg6 49. Qf4 Rcf7 50. R5h2 Be7 51. Qg3 Bg5 52. Bf8 Rxh2+ 53. Rxh2+ Rh7 54. Rb2 Qe8 55. Bd6 Rb7 56. Rh2+ Rh7 57. Rb2 Kg7 58. Rb8 Qd7 59. Bf1 Kg6 60. Bg2 Bd2 61. Qf2 Bg5 62. Qg3 Rh8 63. Qb3 Bf4 64. Qc4 Rh2 65. Rb2 Kg5 66. a5 Bg3 67. Qa4 f4 68. Bxc6 Rxb2+ 69. Kxb2 Qh7 70. Qc2 Qxc2+ 71. Kxc2 f3 72. Kd3 Kf4 73. Bf8 Be1 74. Bh6+ Kg3 75. Ke3 Bxa5 76. Bf4+ Kg2 77. Be4 Be1 78. d5 Bf2+ 79. Kd3 exd5 80. Bxd5 Bxc5 81. Bg5 Kg3 82. Be3 Bf5+ 83. Kd2 Bxe3+ 84. Kxe3 f2 85. Bc4 Kg2 86. Kf4 Bc8 0-1

[Event "European Women-ch 2023"]
[Site "Petrovac"]
[Date "2023.03.23"]
[Round "6.9"]
[White "Brunello, Marina"]
[Black "Kubicka, Anna"]
[Result "1/2-1/2"]
[WhiteElo "2346"]
[BlackElo "2211"]
[Annotator "TA"]
[PlyCount "98"]
[EventDate "2023.03.15"]
[EventType "swiss"]
[EventCountry "MNE"]
[SourceTitle "playchess.com"]
[Source "ChessBase"]
[SourceQuality "1"]

1. e4 c6 2. d4 d5 3. e5 Bf5 4. h4 h5 5. Bd3 Bxd3 6. Qxd3 e6 7. Nf3 Qa5+ 8. Nbd2 Ne7 9. O-O Qa6 10. c4 Nd7 11. b3 Nf5 12. Re1 Be7 13. g3 Rd8 14. Bb2 dxc4 15. bxc4 b5 16. Qe4 bxc4 17. Rec1 O-O 18. Nxc4 c5 19. Ne3 Nxe3 20. Qxe3 Rb8 21. Bc3 Rfc8 22. dxc5 Bxc5 23. Bd4 Bxd4 24. Qxd4 Nb6 25. Ng5 Rc4 26. Qd1 g6 27. Qd6 Rbc8 28. Rxc4 Qxc4 29. Rd1 Nd5 30. Rb1 Qc7 31. Qxc7 Rxc7 32. Rb8+ Kg7 33. a4 Nb6 34. f4 Nxa4 35. Ne4 Nb6 36. Nd6 Kh7 37. Nb5 Rc5 38. Nxa7 Nd5 39. Rb3 Rc2 40. Nb5 Kg7 41. Nd6 Rc3 42. Rxc3 Nxc3 43. Kf2 Kf8 44. Ke3 Ke7 45. Kd3 Nd5 46. Ne4 Nb4+ 47. Kc4 Nc2 48. Kc5 Ne3 49. Kd4 Nf5+ 1/2-1/2

[Event "European Women-ch 2023"]
[Site "Petrovac"]
[Date "2023.03.23"]
[Round "6.9"]
[White "Hrescak, Ivana"]
[Black "Ismayil, Malak"]
[Result "1-0"]
[WhiteElo "2127"]
[BlackElo "2011"]
[Annotator "TA"]
[PlyCount "171"]
[EventDate "2023.03.15"]
[EventType "swiss"]
[EventCountry "MNE"]
[SourceTitle "playchess.com"]
[Source "ChessBase"]
[SourceQuality "1"]

1. d4 Nf6 2. c4 e6 3. g3 d5 4. Bg2 dxc4 5. Nf3 Nc6 6. Qa4 Bb4+ 7. Bd2 Nd5 8. Bxb4 Ndxb4 9. O-O Rb8 10. Na3 O-O 11. Qb5 b6 12. Qxc4 Ba6 13. Nb5 Qd5 14. Qxd5 exd5 15. Nc3 Rfe8 16. Rfd1 Ne7 17. a3 Nbc6 18. b4 Bc8 19. Rac1 Be6 20. Ng5 Nd8 21. b5 Nb7 22. Na2 Nd6 23. a4 c6 24. bxc6 Rbc8 25. Nb4 a5 26. Nd3 Nxc6 27. Nf4 Bd7 28. Bxd5 Nb4 29. Bb3 b5 30. axb5 Bxb5 31. Rc5 a4 32. Bxf7+ Nxf7 33. Rxb5 Nc2 34. Nxf7 Kxf7 35. Rb7+ Kf8 36. d5 Re7 37. Rb2 a3 38. Ra2 Rb7 39. Nd3 Rb3 40. e4 Rcc3 41. Ne5 Nb4 42. Rad2 a2 43. d6 Rc8 44. d7 Rd8 45. Rxa2 Nxa2 46. Nc6 Rxd7 47. Rxd7 Rb1+ 48. Kg2 Re1 49. e5 h5 50. h4 Nc3 51. Rd3 Na4 52. Rf3+ Kg8 53. Rf5 g6 54. Ne7+ Kg7 55. Rg5 Nc5 56. Rxg6+ Kf7 57. Rc6 Nd3 58. Ng6 Re2 59. Rf6+ Kg7 60. Nf4 Rxf2+ 61. Kg1 Rd2 62. Nxh5+ Kh7 63. e6 Re2 64. Kf1 Re1+ 65. Kg2 Nc5 66. Nf4 Re3 67. g4 Ne4 68. Rf7+ Kg8 69. Nh5 Re2+ 70. Kf3 Re1 71. Kf4 Re2 72. Nf6+ Nxf6 73. Rxf6 Kg7 74. Rf7+ Kg6 75. h5+ Kh6 76. Rf6+ Kg7 77. g5 Rf2+ 78. Ke5 Re2+ 79. Kd6 Rd2+ 80. Ke7 Rd5 81. Rg6+ Kh7 82. Kf6 Rd6 83. Rg7+ Kh8 84. Rd7 Ra6 85. Rd8+ Kh7 86. g6+ 1-0

[Event "European Women-ch 2023"]
[Site "Petrovac"]
[Date "2023.03.23"]
[Round "6.10"]
[White "Garcia Martin, Marta"]
[Black "Arabidze, Meri"]
[Result "0-1"]
[WhiteElo "2306"]
[BlackElo "2433"]
[Annotator "TA"]
[PlyCount "60"]
[EventDate "2023.03.15"]
[EventType "swiss"]
[EventCountry "MNE"]
[SourceTitle "playchess.com"]
[Source "ChessBase"]
[SourceQuality "1"]

1. e4 c5 2. Nf3 e6 3. c3 Nf6 4. e5 Nd5 5. d4 cxd4 6. cxd4 d6 7. Bc4 Nb6 8. Bd3 Nc6 9. exd6 Bxd6 10. O-O Nb4 11. Be4 N4d5 12. Nc3 O-O 13. a4 a5 14. Ne5 Bd7 15. Qd3 f5 16. Bxd5 Nxd5 17. Nxd5 exd5 18. Bf4 Ra6 19. Rfe1 Bb4 20. Bd2 Rb6 21. Bxb4 Rxb4 22. b3 f4 23. Rac1 Bf5 24. Qd2 Rxb3 25. Qxf4 Rb4 26. Rc5 Rxa4 27. Rec1 Rb4 28. Qd2 h6 29. Qa2 Rxd4 30. Rxa5 Qc7 0-1

[Event "European Women-ch 2023"]
[Site "Petrovac"]
[Date "2023.03.23"]
[Round "6.10"]
[White "Lehaci, Miruna-Daria"]
[Black "Savina, Anastasia"]
[Result "0-1"]
[WhiteElo "2202"]
[BlackElo "2345"]
[Annotator "TA"]
[PlyCount "48"]
[EventDate "2023.03.15"]
[EventType "swiss"]
[EventCountry "MNE"]
[SourceTitle "playchess.com"]
[Source "ChessBase"]
[SourceQuality "1"]

1. e4 e5 2. Nf3 Nc6 3. Bc4 Nf6 4. Ng5 d5 5. exd5 b5 6. Bf1 Nxd5 7. Bxb5 Bb7 8. Qf3 Qd7 9. Nc3 Ndb4 10. Ba4 h6 11. Nge4 O-O-O 12. O-O f5 13. Ng3 f4 14. Nge4 Qf5 15. Ne2 g5 16. N4g3 Qe6 17. Ne4 g4 18. Qb3 Qg6 19. a3 Na5 20. Nxf4 exf4 21. Qc3 Qxe4 22. f3 gxf3 23. Qxh8 Bc5+ 24. d4 Bxd4+ 0-1

[Event "European Women-ch 2023"]
[Site "Petrovac"]
[Date "2023.03.23"]
[Round "6.10"]
[White "Makka, Ioulia"]
[Black "Allahverdiyeva, Ayan"]
[Result "1-0"]
[WhiteElo "1949"]
[BlackElo "2124"]
[Annotator "TA"]
[PlyCount "71"]
[EventDate "2023.03.15"]
[EventType "swiss"]
[EventCountry "MNE"]
[SourceTitle "playchess.com"]
[Source "ChessBase"]
[SourceQuality "1"]

1. e4 c5 2. Nc3 d6 3. d4 cxd4 4. Qxd4 Nc6 5. Qd2 g6 6. b3 Bh6 7. f4 Nf6 8. Nf3 e5 9. g3 O-O 10. Bb2 exf4 11. O-O-O Bg4 12. Bg2 Ne5 13. Rdf1 Re8 14. gxf4 Nxf3 15. Bxf3 Bxf3 16. Rxf3 Nxe4 17. Qd3 Nc5 18. Qc4 Qh4 19. Rd1 Bg7 20. Rxd6 Qe1+ 21. Nd1 Bxb2+ 22. Kxb2 Rac8 23. Qd4 Qe2 24. Re3 Rxe3 25. Nxe3 Ne6 26. Qxa7 Nc5 27. Nc4 Qxh2 28. Rd5 Qxf4 29. Nd6 Qf6+ 30. Ka3 Qd8 31. Nxc8 Qxc8 32. Rxc5 Qd7 33. Qb8+ Kg7 34. Qe5+ Kh6 35. Rc4 f5 36. Qf6 1-0

[Event "European Women-ch 2023"]
[Site "Petrovac"]
[Date "2023.03.23"]
[Round "6.11"]
[White "Badelka, Olga"]
[Black "Vega Gutierrez, Sabrina"]
[Result "0-1"]
[WhiteElo "2428"]
[BlackElo "2361"]
[Annotator "TA"]
[PlyCount "162"]
[EventDate "2023.03.15"]
[EventType "swiss"]
[EventCountry "MNE"]
[SourceTitle "playchess.com"]
[Source "ChessBase"]
[SourceQuality "1"]

1. e4 c5 2. Nf3 e6 3. d4 cxd4 4. Nxd4 Nf6 5. Nc3 Nc6 6. Nxc6 bxc6 7. e5 Nd5 8. Ne4 Qc7 9. f4 Qb6 10. c4 Ne3 11. Qd3 Bb4+ 12. Bd2 Ba6 13. Bxb4 Qxb4+ 14. Kf2 Qxb2+ 15. Be2 Nxc4 16. Rab1 Nxe5 17. fxe5 Qxe5 18. Qxa6 Qxe4 19. Rhd1 O-O 20. Rb3 d5 21. Qxc6 Rac8 22. Qa6 Rc2 23. h3 g6 24. a3 Rfc8 25. Re3 Qf4+ 26. Rf3 Qe5 27. Re3 Qc7 28. Qd3 Qa5 29. Qd4 R8c4 30. Qf6 Qb6 31. Kf3 Rc8 32. Rdd3 Qd6 33. Qf4 Qc6 34. Kg3 Rb2 35. Bf3 Qc2 36. Kh2 Rb1 37. Qf6 Qc7+ 38. Qe5 Qxe5+ 39. Rxe5 h5 40. Kg3 Rc4 41. Kf2 Kg7 42. Re1 Rxe1 43. Kxe1 f5 44. Kd2 d4 45. Rb3 Ra4 46. Bc6 Ra6 47. Bb5 Rb6 48. a4 e5 49. a5 Rb8 50. Kd3 Kf6 51. a6 h4 52. Kc4 Rd8 53. Rd3 Ke6 54. Bc6 Kd6 55. Bb7 Rd7 56. Ra3 Rc7+ 57. Kd3 Rc5 58. Rb3 Ra5 59. Bc8 Kc7 60. Bb7 Kd6 61. Bc8 Kc7 62. Bb7 Ra4 63. Bf3 Rxa6 64. Rb7+ Kd6 65. Rg7 Kc5 66. Rc7+ Kd6 67. Rg7 Ra3+ 68. Kc4 Rc3+ 69. Kb4 e4 70. Rxg6+ Ke5 71. Bh5 Rc2 72. Bd1 Rc1 73. Bb3 d3 74. Re6+ Kf4 75. Rd6 Ke3 76. Ka3 d2 77. Kb2 Ke2 78. Rf6 Rc5 79. Rh6 Rb5 80. Rd6 e3 81. Kc2 Rxb3 0-1

[Event "European Women-ch 2023"]
[Site "Petrovac"]
[Date "2023.03.23"]
[Round "6.11"]
[White "Jarocka, Liwia"]
[Black "Heinemann, Josefine"]
[Result "1-0"]
[WhiteElo "2181"]
[BlackElo "2343"]
[Annotator "TA"]
[PlyCount "130"]
[EventDate "2023.03.15"]
[EventType "swiss"]
[EventCountry "MNE"]
[SourceTitle "playchess.com"]
[Source "ChessBase"]
[SourceQuality "1"]

1. e4 c5 2. c3 Nf6 3. e5 Nd5 4. Nf3 d6 5. exd6 e6 6. g3 Bxd6 7. d4 O-O 8. Bg2 Nc6 9. O-O cxd4 10. Nxd4 Bd7 11. Nb5 Bc5 12. c4 Nf6 13. N1c3 a6 14. Nd6 Qc7 15. Nde4 Nxe4 16. Nxe4 Bd4 17. Rb1 Rad8 18. b3 f5 19. Ng5 Bc8 20. Qe2 Rfe8 21. Bf4 Qe7 22. h4 Bf6 23. Rfe1 Nd4 24. Qh5 h6 25. Qg6 hxg5 26. hxg5 Qf7 27. Qxf7+ Kxf7 28. gxf6 gxf6 29. Be3 Nc2 30. Re2 Nxe3 31. Rxe3 Rd2 32. a4 Red8 33. Bf3 Ke7 34. Kf1 R8d4 35. Ke1 a5 36. b4 e5 37. bxa5 e4 38. Be2 Ra2 39. Rd1 Rxd1+ 40. Bxd1 Kd6 41. Rb3 Ke5 42. Rb6 Bd7 43. Rxb7 Bxa4 44. Bxa4 Rxa4 45. Rb5+ Kd4 46. Rxf5 Kxc4 47. Rxf6 Rxa5 48. Rd6 Ra2 49. Rd2 Ra3 50. Ke2 Rb3 51. Rd7 Ra3 52. g4 Kc5 53. g5 Kc6 54. Rd1 Ra7 55. Ke3 Rg7 56. Kf4 Rg8 57. Kf5 Rf8+ 58. Kxe4 Rxf2 59. g6 Rg2 60. Kf5 Rf2+ 61. Ke6 Rg2 62. Kf7 Rf2+ 63. Kg8 Rg2 64. g7 Rg3 65. Rh1 Kd5 1-0

[Event "European Women-ch 2023"]
[Site "Petrovac"]
[Date "2023.03.23"]
[Round "6.11"]
[White "Huseynova, Lala"]
[Black "Hajiyeva, Laman"]
[Result "0-1"]
[WhiteElo "1694"]
[BlackElo "2118"]
[Annotator "TA"]
[PlyCount "65"]
[EventDate "2023.03.15"]
[EventType "swiss"]
[EventCountry "MNE"]
[SourceTitle "playchess.com"]
[Source "ChessBase"]
[SourceQuality "1"]

1. e4 e6 2. d4 d5 3. Nd2 c5 4. Ngf3 cxd4 5. Nxd4 Nc6 6. Bb5 Bd7 7. Nxc6 Bxc6 8. Qe2 Nf6 9. O-O Be7 10. e5 Nd7 11. Bd3 Nc5 12. Kh1 O-O 13. f4 f6 14. Nf3 Nxd3 15. Qxd3 Bc5 16. Be3 Qb6 17. Bxc5 Qxc5 18. Nd4 Bd7 19. exf6 Rxf6 20. Rae1 Raf8 21. Qe3 e5 22. Nf3 Qxe3 23. Rxe3 e4 24. Ne5 Bb5 25. c4 Rxf4 26. Rxf4 Rxf4 27. Kg1 Rf5 28. cxb5 Rxe5 29. a4 d4 30. Re1 e3 31. Rc1 d3 32. Rc8+ Kf7 33. Kf1 0-1

[Event "European Women-ch 2023"]
[Site "Petrovac"]
[Date "2023.03.23"]
[Round "6.12"]
[White "Buksa, Nataliya"]
[Black "Zimina, Olga"]
[Result "1-0"]
[WhiteElo "2405"]
[BlackElo "2295"]
[Annotator "TA"]
[PlyCount "107"]
[EventDate "2023.03.15"]
[EventType "swiss"]
[EventCountry "MNE"]
[SourceTitle "playchess.com"]
[Source "ChessBase"]
[SourceQuality "1"]

1. e4 e5 2. Nf3 Nc6 3. Bc4 Nf6 4. d3 h6 5. c3 d6 6. a4 g5 7. Qb3 Qd7 8. a5 a6 9. h3 Bg7 10. Be3 Nh5 11. g4 Nf4 12. Bxf4 gxf4 13. Nbd2 Qe7 14. Rg1 Bd7 15. Qxb7 Rb8 16. Qxc7 Rc8 17. Qb7 Rb8 18. Qc7 Rc8 19. Qb7 Rb8 20. Qxa6 O-O 21. Bd5 Nb4 22. cxb4 Bb5 23. Qb6 Rxb6 24. axb6 Bxd3 25. b3 Qd8 26. Nc4 Bxc4 27. bxc4 Qxb6 28. Ra4 Bf6 29. Ke2 Bd8 30. Rga1 Qb8 31. R1a2 Kg7 32. Ra1 Qb6 33. Rb1 Rh8 34. Rba1 Rf8 35. R1a2 Qb8 36. Kd3 Qb6 37. Kc3 h5 38. Ra7 hxg4 39. hxg4 Qb8 40. Rd7 Kg8 41. Raa7 Qb6 42. Ra2 Bc7 43. g5 Rb8 44. b5 Rf8 45. g6 Kg7 46. Rxf7+ Rxf7 47. gxf7 Bd8 48. Kd3 Be7 49. Ke2 Bf8 50. Ra8 Be7 51. Rg8+ Kh6 52. Re8 Qa7 53. b6 Qa2+ 54. Kf1 1-0

[Event "European Women-ch 2023"]
[Site "Petrovac"]
[Date "2023.03.23"]
[Round "6.12"]
[White "Dwilewicz, Katarzyna"]
[Black "Ovod, Evgenija"]
[Result "0-1"]
[WhiteElo "2114"]
[BlackElo "2305"]
[Annotator "TA"]
[PlyCount "110"]
[EventDate "2023.03.15"]
[EventType "swiss"]
[EventCountry "MNE"]
[SourceTitle "playchess.com"]
[Source "ChessBase"]
[SourceQuality "1"]

1. e4 e5 2. Nf3 Nc6 3. Nc3 Nf6 4. d4 exd4 5. Nxd4 Bb4 6. Nxc6 bxc6 7. Bd3 d5 8. exd5 cxd5 9. O-O O-O 10. h3 h6 11. Qf3 Be6 12. Ne2 c5 13. c3 Ba5 14. Be3 Nd7 15. Qg3 Bc7 16. Bf4 Rc8 17. Rad1 Nf6 18. Qf3 Qe7 19. Rfe1 Rfd8 20. Ng3 Bxf4 21. Qxf4 Qc7 22. Qf3 Rb8 23. Rd2 Qa5 24. Bf5 Rb6 25. Rde2 d4 26. Bxe6 fxe6 27. Rxe6 Rxe6 28. Rxe6 d3 29. Re1 d2 30. Rd1 Qxa2 31. Nf5 Qxb2 32. Nxh6+ Kf8 33. Ng4 Qb6 34. Nxf6 gxf6 35. Qe3 Qd6 36. Qh6+ Kf7 37. Qh7+ Ke6 38. Qe4+ Kd7 39. Qb7+ Ke8 40. Qxa7 Qe5 41. Qa1 Kf8 42. g3 Rd3 43. h4 Kg7 44. Kf1 c4 45. Qa7+ Kg6 46. Qa8 Qe6 47. Kg2 Rd5 48. Qa1 Qe4+ 49. Kg1 Rd3 50. Qb1 Qe2 51. Kg2 Qf3+ 52. Kg1 Kh5 53. Qb5+ Kg4 54. Qxc4+ Kh3 55. Qe6+ f5 0-1

[Event "European Women-ch 2023"]
[Site "Petrovac"]
[Date "2023.03.23"]
[Round "6.12"]
[White "Shuqja, Klean"]
[Black "Tsirulnik, Maritsa"]
[Result "0-1"]
[WhiteElo "1884"]
[BlackElo "2121"]
[Annotator "TA"]
[PlyCount "76"]
[EventDate "2023.03.15"]
[EventType "swiss"]
[EventCountry "MNE"]
[SourceTitle "playchess.com"]
[Source "ChessBase"]
[SourceQuality "1"]

1. e4 c5 2. b3 Nf6 3. e5 Nd5 4. Nf3 Nc6 5. Bb2 g6 6. Bc4 Nb6 7. e6 f6 8. exd7+ Bxd7 9. Qe2 e5 10. O-O Qe7 11. Nc3 O-O-O 12. a4 Bg4 13. Qe3 Nd4 14. Bd3 h5 15. Nh4 Bh6 16. Nxg6 Qg7 17. Qg3 Rhe8 18. a5 Nd5 19. Nxd5 Rxd5 20. Bxd4 Rxd4 21. f3 Bd7 22. f4 e4 23. Bc4 Rxd2 24. Qe3 Rxg2+ 25. Kxg2 Qxg6+ 26. Kh1 Bc6 27. Rad1 Qf5 28. c3 Re7 29. b4 a6 30. bxc5 Rg7 31. Rd2 Rg4 32. Rdf2 h4 33. Be2 Rg7 34. Rg1 Rxg1+ 35. Kxg1 Bf8 36. Qd2 Bxc5 37. Qc2 Bxf2+ 38. Kxf2 e3+ 0-1

[Event "European Women-ch 2023"]
[Site "Petrovac"]
[Date "2023.03.23"]
[Round "6.13"]
[White "Unuk, Laura"]
[Black "Milliet, Sophie"]
[Result "1-0"]
[WhiteElo "2297"]
[BlackElo "2404"]
[Annotator "TA"]
[PlyCount "139"]
[EventDate "2023.03.15"]
[EventType "swiss"]
[EventCountry "MNE"]
[SourceTitle "playchess.com"]
[Source "ChessBase"]
[SourceQuality "1"]

1. d4 d5 2. Bf4 Nf6 3. Nc3 e6 4. Nb5 Na6 5. e3 Be7 6. h4 Ne4 7. Bd3 c6 8. Bxe4 cxb5 9. Bd3 Qa5+ 10. c3 b4 11. Ne2 Bd7 12. h5 Ba4 13. Qb1 h6 14. O-O Bb5 15. a3 bxa3 16. b4 Bxd3 17. Qxd3 Qa4 18. Ra2 O-O 19. Rfa1 Rfc8 20. Rxa3 Qd7 21. Ra5 Bd8 22. R5a2 Rc4 23. e4 Rac8 24. Bd2 dxe4 25. Qxe4 Bb6 26. Qf3 Nc7 27. Qxb7 Qd8 28. Qf3 Nd5 29. Ra3 Qc7 30. Re1 Qc6 31. Qg3 Bc7 32. Qf3 Bb8 33. Ra5 Qd6 34. g3 Qc6 35. Qd3 Nf6 36. Nc1 Nd5 37. Ne2 Ne7 38. Rc5 Rxc5 39. dxc5 e5 40. Nc1 Qe6 41. Be3 e4 42. Qd1 Qh3 43. Ne2 Nc6 44. Nf4 Qf5 45. Qd5 Qxd5 46. Nxd5 Rd8 47. c4 Kf8 48. Kg2 f5 49. b5 Na5 50. c6 Rc8 51. Rc1 Kf7 52. Rc3 Ke6 53. Nf4+ Kd6 54. Bd4 Rg8 55. c5+ Ke7 56. Nd5+ Ke6 57. Ne3 f4 58. gxf4 Bxf4 59. Ra3 Bxe3 60. fxe3 Nc4 61. Rxa7 g6 62. hxg6 Rxg6+ 63. Kf2 Kd5 64. Rd7+ Ke6 65. b6 Rg8 66. b7 Na5 67. Rd6+ Ke7 68. Bf6+ Kf7 69. Bc3 Nc4 70. c7 1-0

[Event "European Women-ch 2023"]
[Site "Petrovac"]
[Date "2023.03.23"]
[Round "6.13"]
[White "Lazarne Vajda, Szidonia"]
[Black "Zaksaite, Salomeja"]
[Result "1/2-1/2"]
[WhiteElo "2294"]
[BlackElo "2187"]
[Annotator "TA"]
[PlyCount "128"]
[EventDate "2023.03.15"]
[EventType "swiss"]
[EventCountry "MNE"]
[SourceTitle "playchess.com"]
[Source "ChessBase"]
[SourceQuality "1"]

1. d4 Nf6 2. Nf3 g6 3. g3 d5 4. Bg2 Bg7 5. O-O O-O 6. c4 dxc4 7. Na3 Nc6 8. Nxc4 Be6 9. b3 Bd5 10. Bb2 a5 11. Ne3 Be4 12. a3 Qc8 13. Nc4 Rd8 14. Rc1 h6 15. e3 Qe6 16. Qe2 g5 17. Rfd1 g4 18. Nh4 h5 19. Nd2 Bxg2 20. Nxg2 Bh6 21. Qb5 Rab8 22. Rc5 Rd5 23. Rdc1 Qd7 24. Rxd5 Qxd5 25. Rc5 Qd8 26. Qd3 Qd7 27. Ne4 Nd5 28. Nc3 e6 29. Nxd5 exd5 30. Nh4 b6 31. Rc2 Ne7 32. a4 Bg5 33. Ng2 b5 34. axb5 Qxb5 35. Qxb5 Rxb5 36. Bc3 Rxb3 37. Bxa5 c6 38. Ne1 Rb1 39. Kg2 h4 40. gxh4 Bxh4 41. Nd3 f5 42. Bb4 f4 43. exf4 Nf5 44. Rxc6 Rd1 45. Ne5 Rxd4 46. Bc5 Rxf4 47. Rg6+ Kh7 48. Rxg4 Rxg4+ 49. Nxg4 Kg6 50. Ne3 Nxe3+ 51. fxe3 Kf5 52. Kf3 Bd8 53. Bd6 Bf6 54. Bg3 Bd8 55. Be1 Be7 56. h4 Bd8 57. Bf2 Be7 58. Kg3 Bd8 59. Kh3 Ba5 60. Kg3 Bc7+ 61. Kf3 Bd8 62. Ke2 Ke4 63. Bg3 Bxh4 64. Bxh4 d4 1/2-1/2

[Event "European Women-ch 2023"]
[Site "Petrovac"]
[Date "2023.03.23"]
[Round "6.13"]
[White "Bluebaum, Johanna"]
[Black "Petrova, Irina"]
[Result "1/2-1/2"]
[WhiteElo "1954"]
[BlackElo "2123"]
[Annotator "TA"]
[PlyCount "123"]
[EventDate "2023.03.15"]
[EventType "swiss"]
[EventCountry "MNE"]
[SourceTitle "playchess.com"]
[Source "ChessBase"]
[SourceQuality "1"]

1. d4 g6 2. c4 Bg7 3. e4 d6 4. Nf3 Bg4 5. Be2 Nc6 6. Be3 e5 7. d5 Bxf3 8. Bxf3 Nd4 9. Nd2 c5 10. Qa4+ Qd7 11. Qxd7+ Kxd7 12. Bd1 f5 13. Bxd4 cxd4 14. Bc2 Ne7 15. O-O Bh6 16. Nb1 Rac8 17. Na3 a6 18. f3 b5 19. cxb5 axb5 20. Bd3 b4 21. Nc4 Rb8 22. a4 Rhf8 23. b3 Nc8 24. g4 fxg4 25. fxg4 Bf4 26. a5 Kc7 27. Ra4 h5 28. gxh5 gxh5 29. Rf2 Rg8+ 30. Rg2 Na7 31. Raa2 h4 32. Rxg8 Rxg8+ 33. Rg2 Bg5 34. h3 Rg7 35. Kh1 Nc8 36. Nd2 Bf6 37. Rxg7+ Bxg7 38. Nf3 Bf6 39. Ne1 Bg5 40. Nf3 Bf6 41. Ne1 Bg5 42. Bb5 Ne7 43. Kg2 Ng6 44. Nd3 Nf4+ 45. Nxf4 Bxf4 46. Bd3 Bg5 47. a6 Bd8 48. Kf3 Kb6 49. Kg4 Ka7 50. Kf5 Bb6 51. Kf6 Kb8 52. Ke7 Bc5 53. Kf6 Bb6 54. Kf5 Ka7 55. Ke6 Bc5 56. Kd7 Kb6 57. Kc8 Ka7 58. Kc7 Ka8 59. Kd7 Kb8 60. Ke6 Ka7 61. Kf5 Bb6 62. Kg4 1/2-1/2

[Event "European Women-ch 2023"]
[Site "Petrovac"]
[Date "2023.03.23"]
[Round "6.14"]
[White "Maltsevskaya, Aleksandra"]
[Black "Zhukova, Natalia"]
[Result "1-0"]
[WhiteElo "2388"]
[BlackElo "2322"]
[Annotator "TA"]
[PlyCount "79"]
[EventDate "2023.03.15"]
[EventType "swiss"]
[EventCountry "MNE"]
[SourceTitle "playchess.com"]
[Source "ChessBase"]
[SourceQuality "1"]

1. e4 e5 2. Nf3 Nc6 3. Bb5 a6 4. Ba4 Nf6 5. O-O b5 6. Bb3 Bb7 7. Ng5 d5 8. exd5 Nd4 9. Re1 Bd6 10. d3 h6 11. Ne4 Nxb3 12. axb3 Bxd5 13. Nxf6+ Qxf6 14. d4 O-O-O 15. c4 bxc4 16. Nc3 Bb7 17. d5 cxb3 18. Qxb3 Bc5 19. Be3 Bd4 20. Rac1 Kb8 21. Bxd4 exd4 22. Na4 Rxd5 23. Nc5 Qc6 24. Nxb7 Qxb7 25. Qd3 Rhd8 26. h4 R8d7 27. Ra1 Rb5 28. Re4 c5 29. Re5 Ka7 30. Rc1 c4 31. Qg3 Rxe5 32. Qxe5 Qb5 33. Qxg7 d3 34. Rd1 d2 35. Qxh6 Qxb2 36. Qe3+ Kb7 37. Qe4+ Kb6 38. Qxc4 a5 39. Qc8 a4 40. Qxd7 1-0